000 01051naa a22003017a 4500
001 BR7902574
003 BR-BrBNA
005 20250714162958.0
007 ta
008 250630b bl.|||m| |||| 00| 0 por d
040 _aBR-BrBNA
_bpor
_cBiblioteca Nacional de Agricultura
041 _a(Pt)
072 _aF00; Q10; E70
_b2120
_b9910
090 _aF00 BR7902574
100 1 _aSiqueira, R.
245 1 _aColheita e processamento do cafe [Controle de qualidade; Coffea arabica]
500 _aManual agropecuario para o Parana Londrina, PR (Brasil): 1978. p. 205-208 (BR7902574-AMS)
773 0 _tManual agropecuario para o Parana
_wF00 BR7902574
_gLondrina, PR (Brasil), 1978. p. 205-208
650 _aProducao vegetal
650 _aTecnologia de alimento
650 _aComercializacao
650 _aCafe
650 _aSecagem
650 _aControle de qualidade
490 _aManual Agropecuario para o Parana - Fundacao Instituto Agronomico do Parana (Brazil)
_vv. 2
942 _cAMS
_2AGRIS
909 _a202506
_bLúcia
_c55
_dLúcia Elande
999 _c333251
_d333251